Roman Reigns career opponents - Statistics

General Stats
  • This quiz has been taken 481 times
    3 since last reset
  • The average score is 45 of 72
Answer Stats
Answer % Correct
A.J. Styles
100%
Baron Corbin
100%
Batista
100%
Braun Strowman
100%
Brock Lesnar
100%
Bronson Reed
100%
CM Punk
100%
Cody Rhodes
100%
Daniel Bryan
100%
Dean Ambrose
100%
Drew McIntyre
100%
Edge
100%
Erick Rowan
100%
Finn Balor
100%
Goldberg
100%
Jacob Fatu
100%
Jey Uso
100%
John Cena
100%
Kane
100%
Kevin Owens
100%
Kofi Kingston
100%
LA Knight
100%
Logan Paul
100%
Luke Harper
100%
Rey Mysterio
100%
Rusev
100%
Sami Zayn
100%
Seth Rollins
100%
Sheamus
100%
The Big Show
100%
The Undertaker
100%
Triple H
100%
Wade Barrett
100%
Xavier Woods
100%
Adrian Neville
50%
Alberto Del Rio
50%
Big E
50%
Bobby Lashley
50%
Bray Wyatt
50%
Bubba Ray Dudley
50%
Chris Jericho
50%
Corey Graves
50%
Curt Hawkins
50%
Dolph Ziggler
50%
Eli Cottonwood
50%
Jinder Mahal
50%
Luke Gallows
50%
Mark Henry
50%
Matt Riddle
50%
Randy Orton
50%
Samoa Joe
50%
Shane McMahon
50%
Shinsuke Nakamura
50%
Solo Sikoa
50%
The Miz
50%
Bo Dallas
0%
Buddy Murphy
0%
Cesaro
0%
CJ Parker
0%
Conor O'Brian
0%
Damien Sandow
0%
Elias
0%
Fandango
0%
Heath Slater
0%
Jason Jordan
0%
Leo Kruger
0%
Montez Ford
0%
Ricardo Rodriguez
0%
Robert Roode
0%
Shad Gaspard
0%
Sunil Singh
0%
Vance Archer
0%
No matching quizzes found
Score Distribution
Percent of People with Each Score
Percentile by Number Answered
Your Score History
You have not taken this quiz since the last reset